[Event "London Classic Open 2017"]
[Site "London ENG"]
[Date "2017.12.03"]
[Round "2.18"]
[White "Nihal, Sarin"]
[Black "Yuan, Yuanling"]
[Result "1-0"]
[WhiteTitle "IM"]
[BlackTitle "WIM"]
[WhiteElo "2507"]
[BlackElo "2243"]
[WhiteFideId "25092340"]
[BlackFideId "8604541"]
[EventDate "2017.12.02"]

1. d4 Nf6 2. Bf4 g6 3. Nc3 Bg7 4. e4 d6 5. Qd2 c6 6. O-O-O b5 7. f3 Qa5 8. Kb1
b4 9. Nce2 Be6 10. Nc1 h5 11. h4 Nbd7 12. Nh3 Nb6 13. Nb3 Qa4 14. Ng5 Bc4 15. e5
dxe5 16. Bxe5 O-O 17. Bd3 Qb5 18. Rhe1 a5 19. Nc5 a4 20. g4 b3 21. cxb3 axb3 22.
a3 Rfd8 23. gxh5 Nxh5 24. Bxg7 Nxg7 25. Qf4 Nh5 26. Qe4 Nd5 27. Nxf7 Bxd3+ 28.
Nxd3 1-0

[Event "London Classic Open 2017"]
[Site "London ENG"]
[Date "2017.12.03"]
[Round "2.19"]
[White "Britton, Richard L"]
[Black "Stany, G.A."]
[Result "1-0"]
[WhiteTitle "FM"]
[BlackTitle "IM"]
[WhiteElo "2239"]
[BlackElo "2502"]
[WhiteFideId "401692"]
[BlackFideId "5029104"]
[EventDate "2017.12.02"]

1. e4 g6 2. Nf3 Bg7 3. d3 c5 4. g3 Nc6 5. Bg2 e5 6. O-O Nge7 7. c3 O-O 8. a3 a5
9. a4 d6 10. Na3 h6 11. Nd2 Be6 12. Ndc4 d5 13. exd5 Bxd5 14. Bxd5 Nxd5 15. Nb5
Qf6 16. Qe2 Rad8 17. Bd2 Rd7 18. Rad1 Rfd8 19. Bc1 Qf5 20. Rfe1 Nf6 21. Kg2 Ne8
22. f3 Rxd3 23. g4 Qd7 24. Nb6 Rxd1 25. Nxd7 R1xd7 26. Be3 b6 27. Qc4 Nf6 28.
Na3 e4 29. f4 Nxg4 30. Qxe4 Ne7 31. Nc4 Nf5 32. Bf2 Nxf2 33. Kxf2 Nd6 34. Nxd6
Rxd6 35. Re2 h5 36. Qb7 Bh6 37. f5 Rf6 38. Ke1 Bg5 39. Re5 Bf4 40. Re4 g5 41.
Re2 Kg7 42. Qe4 h4 43. h3 Rd7 44. b3 Rfd6 45. Kf2 Rf6 46. Kf3 Rd1 47. Kf2 Rfd6
48. Kg2 R1d3 49. Qe7 Rg3+ 50. Kf2 Rxh3 51. Re6 Bg3+ 52. Kf3 Rxe6 53. Qxg5+ Rg6
54. fxg6 Be5+ 55. Ke4 Bf6 56. Qd5 1-0

[Event "London Classic Open 2017"]
[Site "London ENG"]
[Date "2017.12.03"]
[Round "2.20"]
[White "Fernandez, Daniel Howard"]
[Black "Bremner, Adam"]
[Result "1-0"]
[WhiteTitle "GM"]
[BlackTitle "CM"]
[WhiteElo "2500"]
[BlackElo "2231"]
[WhiteFideId "5801605"]
[BlackFideId "2400847"]
[EventDate "2017.12.02"]

1. e4 c5 2. Nf3 g6 3. d4 cxd4 4. c3 dxc3 5. Nxc3 Bg7 6. Bc4 Nc6 7. h3 d6 8. Ng5
Ne5 9. Bb3 h6 10. Nf3 Nxf3+ 11. Qxf3 Nf6 12. O-O O-O 13. Be3 Be6 14. e5 Nd7 15.
exd6 Bxb3 16. axb3 exd6 17. Qxb7 Rb8 18. Qd5 Nf6 19. Qc4 d5 20. Qa4 a5 21. Bc5
Re8 22. Rfd1 Qc7 23. Bd4 Qb7 24. Bxf6 Bxf6 25. Nxd5 Bxb2 26. Rab1 Qxb3 27. Nf6+
Kf8 28. Qxb3 Rxb3 29. Nxe8 a4 30. Nd6 Rb4 31. Nc4 1-0

[Event "London Classic Open 2017"]
[Site "London ENG"]
[Date "2017.12.03"]
[Round "2.21"]
[White "Blasco Coll, Andreu"]
[Black "Vakhidov, Jakhongir"]
[Result "0-1"]
[BlackTitle "GM"]
[WhiteElo "2236"]
[BlackElo "2500"]
[WhiteFideId "22272836"]
[BlackFideId "14201801"]
[EventDate "2017.12.02"]

1. d4 Nf6 2. c4 g6 3. Nc3 Bg7 4. e4 d6 5. f3 O-O 6. Be3 a6 7. Nge2 Nbd7 8. Qd2
b5 9. cxb5 axb5 10. Nxb5 c6 11. Nbc3 e5 12. g3 d5 13. exd5 Nxd5 14. Nxd5 cxd5
15. Bg2 Ba6 16. Kf2 exd4 17. Bxd4 Ne5 18. Nf4 Nd3+ 19. Nxd3 Bxd4+ 20. Kf1 Re8
21. Re1 Qa5 22. b4 Bxd3+ 23. Qxd3 Rxe1+ 24. Kxe1 Qxb4+ 0-1

[Event "London Classic Open 2017"]
[Site "London ENG"]
[Date "2017.12.03"]
[Round "2.22"]
[White "Bellaiche, Anthony"]
[Black "Stigar, Petter"]
[Result "1-0"]
[WhiteTitle "IM"]
[BlackTitle "FM"]
[WhiteElo "2499"]
[BlackElo "2214"]
[WhiteFideId "615668"]
[BlackFideId "1500341"]
[EventDate "2017.12.02"]

1. d4 d5 2. c4 dxc4 3. Nf3 Nf6 4. e3 b5 5. a4 b4 6. Bxc4 e6 7. O-O Be7 8. Qe2
O-O 9. Rd1 Bb7 10. Nbd2 c5 11. Nb3 Nbd7 12. a5 Qc7 13. Bd2 cxd4 14. Nfxd4 Rac8
15. Rac1 Qb8 16. Ba6 Nc5 17. Bxb7 Qxb7 18. Nxc5 Bxc5 19. Nb3 Be7 20. a6 Qb8 21.
Qf3 Bd6 22. g3 Qb6 23. Qe2 Ne4 24. Be1 Rfd8 25. Rxc8 Rxc8 26. Qd3 f5 27. Nd4 Be5
28. Nxf5 Nc5 29. Ne7+ 1-0

[Event "London Classic Open 2017"]
[Site "London ENG"]
[Date "2017.12.03"]
[Round "2.23"]
[White "Cordes, Hans-Joerg"]
[Black "Fodor, Tamas Jr."]
[Result "0-1"]
[WhiteTitle "FM"]
[BlackTitle "GM"]
[WhiteElo "2227"]
[BlackElo "2496"]
[WhiteFideId "4602234"]
[BlackFideId "723762"]
[EventDate "2017.12.02"]

1. d4 d5 2. c4 e6 3. Nf3 c6 4. e3 f5 5. Bd3 Nf6 6. O-O Bd6 7. b3 Qe7 8. Bb2 O-O
9. Ne5 a5 10. Nd2 Nbd7 11. f4 Ne4 12. c5 Bc7 13. Ndf3 Ndf6 14. a4 Bd7 15. Ba3
Be8 16. b4 axb4 17. Bxb4 Bh5 18. Qb3 Kh8 19. a5 Ng4 20. a6 Bxe5 21. Nxe5 Nxe5
22. fxe5 bxa6 23. Rxa6 Qg5 24. Rf4 Rxa6 25. Bxa6 Rb8 26. Qa3 Ra8 27. Qd3 h6 28.
Ba5 Bg4 29. Kf1 Qe7 30. Bb6 g5 31. Rf2 Nxf2 32. Kxf2 f4 0-1

[Event "London Classic Open 2017"]
[Site "London ENG"]
[Date "2017.12.03"]
[Round "2.24"]
[White "Hector, Jonny"]
[Black "Ledger, Dave J"]
[Result "1-0"]
[WhiteTitle "GM"]
[BlackTitle "FM"]
[WhiteElo "2493"]
[BlackElo "2209"]
[WhiteFideId "1700090"]
[BlackFideId "401986"]
[EventDate "2017.12.02"]

1. e4 e5 2. Nf3 Nc6 3. Bc4 Bc5 4. O-O Nf6 5. d3 O-O 6. Bb3 a6 7. h3 d6 8. c3 Ba7
9. Be3 Bxe3 10. fxe3 d5 11. exd5 Nxd5 12. Qe2 Kh8 13. c4 Nf6 14. Nc3 Ng8 15.
Rad1 f6 16. d4 exd4 17. exd4 Nce7 18. d5 Nf5 19. Qf2 Re8 20. Rfe1 Bd7 21. c5
Rxe1+ 22. Nxe1 Nfe7 23. Nf3 Qe8 24. d6 cxd6 25. cxd6 Nc6 26. Nd5 Rd8 27. Nc7 Qh5
28. Rd5 Qh6 29. Qe2 Qc1+ 30. Rd1 Qc5+ 31. Kh1 Nh6 32. Ne6 Bxe6 33. Qxe6 Nf5 34.
d7 Nce7 35. Qf7 Qb5 36. Nd4 Nxd4 37. Rxd4 Ng6 38. Rd1 Qc6 39. Kh2 Ne5 40. Qe7 1-0

[Event "London Classic Open 2017"]
[Site "London ENG"]
[Date "2017.12.03"]
[Round "2.25"]
[White "Bukojemski, Adam"]
[Black "Gormally, Daniel W"]
[Result "0-1"]
[BlackTitle "GM"]
[WhiteElo "2224"]
[BlackElo "2477"]
[WhiteFideId "1114620"]
[BlackFideId "406465"]
[EventDate "2017.12.02"]

1. e4 c5 2. Nf3 d6 3. Bb5+ Nd7 4. c3 Nf6 5. Qe2 a6 6. Ba4 e5 7. O-O Be7 8. d4
O-O 9. dxe5 Nxe5 10. Nxe5 dxe5 11. Rd1 Qc7 12. c4 h6 13. Nc3 Bg4 14. f3 Be6 15.
Bc2 Rfd8 16. Be3 Rab8 17. Rxd8+ Rxd8 18. Rd1 Rb8 19. a4 Ne8 20. b3 Rd8 21. Qf2
Rxd1+ 22. Bxd1 Nf6 23. Bc2 Bf8 24. Qd2 Nd7 25. g3 Nb8 26. f4 f6 27. Nd5 Qd8 28.
f5 Bf7 29. g4 Nc6 30. Kg2 Nd4 31. h4 b5 32. axb5 axb5 33. g5 hxg5 34. hxg5 fxg5
35. Bxg5 Qd6 36. Bd1 bxc4 37. bxc4 Qa6 38. Be2 Bxd5 39. exd5 Nxf5 40. Bd3 Qg6
41. Kf2 Qf7 42. Kg2 Qg6 43. Kf2 Qf7 44. Kg2 Nd4 45. Be4 Qh5 46. Kg3 g6 47. Kf2
Qg4 48. Bg2 e4 49. Bf4 Be7 50. d6 Bh4+ 51. Kf1 Qf5 52. Kg1 Qxf4 0-1

[Event "London Classic Open 2017"]
[Site "London ENG"]
[Date "2017.12.03"]
[Round "2.26"]
[White "Elsness, Frode"]
[Black "Haribalu, V."]
[Result "1-0"]
[WhiteTitle "IM"]
[WhiteElo "2477"]
[BlackElo "2205"]
[WhiteFideId "1501100"]
[BlackFideId "5015189"]
[EventDate "2017.12.02"]

1. Nf3 d5 2. c4 c6 3. g3 Nf6 4. Bg2 dxc4 5. O-O Nbd7 6. Na3 Nb6 7. Ne5 Qd4 8.
Nexc4 Nxc4 9. Qa4 e5 10. Nxc4 e4 11. Qb3 Be7 12. d3 exd3 13. Be3 Qg4 14. Qxd3
O-O 15. h3 Qh5 16. g4 Qh4 17. Bf4 h5 18. Bg3 Qg5 19. f4 Qc5+ 20. Bf2 Qb5 21. g5
Nd5 22. e3 Be6 23. Ne5 Qxd3 24. Nxd3 Nb4 25. Nxb4 Bxb4 26. e4 Bd2 27. Bc5 Rfd8
28. e5 Rd3 29. f5 Bd5 30. Rad1 b6 31. Rf2 Bxg2 32. Kxg2 h4 33. Rfxd2 Rg3+ 34.
Kh2 bxc5 35. Rd8+ Rxd8 36. Rxd8+ Kh7 37. Rd7 Rxg5 38. Rxf7 Kg8 39. e6 a5 40. a4
c4 41. Kh1 Rg3 42. Ra7 Rxh3+ 43. Kg2 Rg3+ 44. Kh2 Kf8 45. Rxa5 Rb3 46. Rc5 Rxb2+
47. Kh3 Rf2 48. a5 c3 49. a6 Ra2 50. Rxc6 c2 51. Kxh4 Rxa6 52. Rxc2 g6 53. Rc8+
Ke7 54. fxg6 Ra1 55. g7 Rh1+ 56. Kg5 Rg1+ 57. Kf5 Rf1+ 58. Ke4 1-0

[Event "London Classic Open 2017"]
[Site "London ENG"]
[Date "2017.12.03"]
[Round "2.28"]
[White "Abergel, Thal"]
[Black "Megalios, Konstantinos"]
[Result "1-0"]
[WhiteTitle "GM"]
[WhiteElo "2464"]
[BlackElo "2203"]
[WhiteFideId "614890"]
[BlackFideId "4238044"]
[EventDate "2017.12.02"]

1. d4 Nf6 2. Nf3 e6 3. e3 b6 4. Bd3 Bb7 5. O-O c5 6. c4 Be7 7. Nc3 a6 8. Bc2 d6
9. d5 exd5 10. cxd5 b5 11. e4 Nbd7 12. a4 b4 13. Ne2 g6 14. a5 O-O 15. Nd2 Ne8
16. Nc4 Nc7 17. Qd3 Nb5 18. Bh6 Re8 19. f4 Bf8 20. Bxf8 Kxf8 21. Rae1 Qh4 22.
Ba4 Qe7 23. Ng3 Rad8 24. e5 dxe5 25. fxe5 Bxd5 26. Qxd5 Nb6 27. Rxf7+ Qxf7 28.
Qxc5+ Kg8 29. Bxb5 1-0

[Event "London Classic Open 2017"]
[Site "London ENG"]
[Date "2017.12.03"]
[Round "2.29"]
[White "Kett, Tim"]
[Black "Bilguun, Sumiya"]
[Result "1/2-1/2"]
[BlackTitle "IM"]
[WhiteElo "2204"]
[BlackElo "2459"]
[WhiteFideId "1801210"]
[BlackFideId "4901541"]
[EventDate "2017.12.02"]

1. d4 d5 2. c4 e6 3. Nc3 c6 4. cxd5 exd5 5. Nf3 Nf6 6. Bg5 Be7 7. Qc2 g6 8. e3
Bf5 9. Bd3 Bxd3 10. Qxd3 Nbd7 11. O-O O-O 12. Ne5 Nxe5 13. dxe5 Nd7 14. Bxe7
Qxe7 15. f4 f6 16. exf6 Nxf6 17. f5 gxf5 18. Rxf5 Ng4 19. Nxd5 cxd5 20. Qxd5+
Kh8 21. Qd4+ Nf6 22. Raf1 Kg7 23. Rg5+ Kh8 24. Rgf5 Kg7 25. Rg5+ 1/2-1/2

[Event "London Classic Open 2017"]
[Site "London ENG"]
[Date "2017.12.03"]
[Round "2.30"]
[White "Zhou, Yang-Fan"]
[Black "Brooks, Phil J"]
[Result "1-0"]
[WhiteTitle "IM"]
[WhiteElo "2459"]
[BlackElo "2192"]
[WhiteFideId "468584"]
[BlackFideId "405540"]
[EventDate "2017.12.02"]

1. e4 e6 2. d3 d5 3. Qe2 dxe4 4. dxe4 b6 5. Nf3 Bb7 6. g3 Nf6 7. Nbd2 Nc6 8. c3
Nd7 9. b3 Be7 10. Bb2 Bf6 11. O-O-O Qc8 12. g4 h6 13. h4 a5 14. Qe3 a4 15. Bb5
axb3 16. axb3 Be7 17. g5 h5 18. g6 f6 19. Nd4 Nxd4 20. cxd4 Ba3 21. Nc4 Bxb2+
22. Kxb2 Ke7 23. d5 Nf8 24. d6+ cxd6 25. Qxb6 Nxg6 26. Nxd6 Ra2+ 27. Kxa2 Qc2+
28. Ka3 Ra8+ 29. Ba4 1-0

[Event "London Classic Open 2017"]
[Site "London ENG"]
[Date "2017.12.03"]
[Round "2.31"]
[White "Willmoth, Robert F"]
[Black "Williams, Simon K"]
[Result "0-1"]
[WhiteTitle "CM"]
[BlackTitle "GM"]
[WhiteElo "2202"]
[BlackElo "2453"]
[WhiteFideId "402540"]
[BlackFideId "404454"]
[EventDate "2017.12.02"]

1. Nf3 d6 2. d4 f5 3. g3 Nf6 4. Bg2 g6 5. O-O Bg7 6. d5 c6 7. c4 e5 8. dxe6 Bxe6
9. Qc2 Na6 10. Rd1 Qe7 11. Bf4 Rd8 12. Nd4 O-O 13. Nxe6 Qxe6 14. a3 Nc5 15. Ra2
Nh5 16. Bf3 Nxf4 17. gxf4 a5 18. b4 Ne4 19. Rd3 Qf6 20. Bg2 Qh4 21. e3 g5 22. f3
gxf4 23. fxe4 fxe4 24. Rd1 f3 25. Nd2 Be5 26. Nf1 Rf6 27. Ng3 Rh6 28. Bxf3 exf3 0-1

[Event "London Classic Open 2017"]
[Site "London ENG"]
[Date "2017.12.03"]
[Round "2.32"]
[White "Bartholomew, John"]
[Black "Osborne, Marcus E"]
[Result "1-0"]
[WhiteTitle "IM"]
[WhiteElo "2448"]
[BlackElo "2175"]
[WhiteFideId "2019353"]
[BlackFideId "404608"]
[EventDate "2017.12.02"]

1. d4 Nf6 2. c4 e6 3. Nf3 Bb4+ 4. Bd2 Bxd2+ 5. Qxd2 O-O 6. Nc3 d5 7. e3 Qe7 8.
cxd5 exd5 9. Bd3 Nc6 10. h3 Rd8 11. a3 Ne4 12. Qc2 Bf5 13. O-O Rd6 14. Nd2 Re8
15. Bxe4 dxe4 16. Ne2 Qg5 17. Ng3 Rg6 18. Qc5 Ne7 19. Ndxe4 Qh4 20. Nxf5 Qxe4
21. Ng3 Qh4 22. Qxc7 Qg5 23. Qd7 Rf8 24. Rac1 h5 25. Rc7 Nc6 26. Qf5 Qd8 27.
Rxf7 1-0

[Event "London Classic Open 2017"]
[Site "London ENG"]
[Date "2017.12.03"]
[Round "2.33"]
[White "Navrotescu, Andreea-Cristiana"]
[Black "Cawdery, Daniel"]
[Result "1/2-1/2"]
[WhiteTitle "WIM"]
[BlackTitle "IM"]
[WhiteElo "2193"]
[BlackElo "2447"]
[WhiteFideId "675946"]
[BlackFideId "14300249"]
[EventDate "2017.12.02"]

1. d4 Nf6 2. c4 g6 3. Nc3 d5 4. Bf4 Bg7 5. e3 O-O 6. Nf3 c5 7. dxc5 Qa5 8. Rc1
dxc4 9. Bxc4 Qxc5 10. Bb3 Nc6 11. O-O Qa5 12. h3 Bf5 13. Qe2 Ne4 14. g4 Nxc3 15.
bxc3 Bd7 16. Rfd1 Rad8 17. Rd5 Qa3 18. Rcd1 Be6 19. Rxd8 Nxd8 20. Qb5 Bxb3 21.
axb3 Bxc3 22. Bh6 Bg7 23. Bxg7 Kxg7 24. Rd7 Qa1+ 25. Kg2 Qf6 26. Qe5 b6 27. Qxe7
Qxe7 28. Rxe7 a5 29. Nd4 Kf6 30. Rd7 Ne6 31. Nxe6 Kxe6 32. Rb7 Ra8 33. Rxb6+ Ke7
34. g5 Kf8 35. Kg3 a4 36. bxa4 Rxa4 37. Rb7 Kg7 38. f3 Ra1 39. e4 Rg1+ 40. Kf4
Rh1 41. e5 Kg8 1/2-1/2

[Event "London Classic Open 2017"]
[Site "London ENG"]
[Date "2017.12.03"]
[Round "2.34"]
[White "Hebden, Mark L"]
[Black "Brozel, Sacha"]
[Result "1-0"]
[WhiteTitle "GM"]
[WhiteElo "2445"]
[BlackElo "2168"]
[WhiteFideId "400084"]
[BlackFideId "429317"]
[EventDate "2017.12.02"]

1. d4 e6 2. Nf3 Nf6 3. e3 b6 4. Bd3 Bb7 5. O-O Be7 6. c4 O-O 7. Nc3 d5 8. cxd5
exd5 9. b3 Nbd7 10. Bb2 a6 11. Ne5 Nxe5 12. dxe5 Nd7 13. f4 f5 14. Bc2 c6 15.
Ne2 c5 16. g4 d4 17. Ng3 dxe3 18. gxf5 c4 19. Qe2 c3 20. Bc1 Nc5 21. Bxe3 Qc7
22. b4 Qc6 23. bxc5 Bxc5 24. Be4 Qb5 25. Bxc5 Qxc5+ 26. Qf2 Qc7 27. Rac1 Rac8
28. Qe3 1-0

[Event "London Classic Open 2017"]
[Site "London ENG"]
[Date "2017.12.03"]
[Round "2.35"]
[White "Luncasu, Raul-Ionut"]
[Black "Das, Sayantan"]
[Result "0-1"]
[BlackTitle "IM"]
[WhiteElo "2191"]
[BlackElo "2442"]
[WhiteFideId "1206222"]
[BlackFideId "5034426"]
[EventDate "2017.12.02"]

1. e4 e6 2. d4 d5 3. Nc3 Bb4 4. e5 Ne7 5. a3 Bxc3+ 6. bxc3 c5 7. Nf3 b6 8. Bb5+
Bd7 9. Bd3 Ba4 10. dxc5 bxc5 11. O-O h6 12. Re1 Nd7 13. c4 dxc4 14. Bxc4 Nb6 15.
Bd3 c4 16. Be4 Qxd1 17. Rxd1 Ned5 18. Bd2 O-O 19. Bb4 Rfc8 20. Bd6 Rd8 21. Nd4
Rac8 22. Re1 Rd7 23. g3 Nc3 24. Bg2 Nb5 25. Nxb5 Bxb5 26. c3 Bc6 27. Bf1 Ba8 28.
a4 Nd5 29. Re4 Nxc3 30. Rxc4 Rxc4 31. Bxc4 Ne4 32. Bb5 Rd8 33. Bb4 Rd4 34. Rc1
Bd5 35. Bd6 Rd2 36. f4 Nf2 37. Bc6 Nd3 38. Bxd5 Nxc1 39. Bb7 Ra2 40. Bc6 Ne2+
41. Kf1 Nc3 0-1

[Event "London Classic Open 2017"]
[Site "London ENG"]
[Date "2017.12.03"]
[Round "2.36"]
[White "Wells, Peter K"]
[Black "Pein, Jonathan"]
[Result "1-0"]
[WhiteTitle "GM"]
[WhiteElo "2441"]
[BlackElo "2165"]
[WhiteFideId "400327"]
[BlackFideId "417092"]
[EventDate "2017.12.02"]

1. e4 d5 2. exd5 Qxd5 3. Nc3 Qa5 4. d4 Nf6 5. Bc4 c6 6. Bd2 Qb6 7. Nf3 Bf5 8.
Qe2 Nbd7 9. Ne5 e6 10. Nxd7 Kxd7 11. O-O-O Rd8 12. f3 Kc8 13. Ne4 Be7 14. Nxf6
Bxf6 15. g4 Bg6 16. c3 h5 17. g5 Be7 18. Bxe6+ Kb8 19. Bxf7 Bxf7 20. Qxe7 Qc7
21. Qxc7+ Kxc7 22. Bf4+ Kd7 23. Be5 Rhg8 24. b3 Rde8 25. Rhf1 Be6 26. f4 Bf5 27.
d5 cxd5 28. Rxd5+ Ke7 29. Bxg7 1-0

[Event "London Classic Open 2017"]
[Site "London ENG"]
[Date "2017.12.03"]
[Round "2.37"]
[White "Oyama, Akito"]
[Black "Cherniaev, Alexander"]
[Result "0-1"]
[BlackTitle "GM"]
[WhiteElo "2185"]
[BlackElo "2436"]
[WhiteFideId "7001630"]
[BlackFideId "4117301"]
[EventDate "2017.12.02"]

1. e4 c5 2. Nc3 Nc6 3. g3 g6 4. Bg2 Bg7 5. d3 d6 6. Be3 Nf6 7. h3 e5 8. Qd2 Nd4
9. Nd1 d5 10. Bg5 Be6 11. Bxf6 Bxf6 12. Ne3 dxe4 13. dxe4 Bg5 14. Qc3 b5 15. Nd5
Bxd5 16. exd5 c4 17. f4 b4 18. Qd2 Bh6 19. Ne2 Qb6 20. Nxd4 exd4 21. O-O-O O-O
22. Qxd4 Qa6 23. Kb1 Bg7 24. Qf2 Qf6 25. c3 bxc3 26. Rhe1 Rab8 27. Re2 Rb6 28.
d6 Rxd6 29. Rxd6 Qxd6 30. Qe1 Qd3+ 31. Rc2 Rb8 32. Be4 Rxb2+ 33. Ka1 Rxc2 34.
Bxd3 cxd3 35. Qe8+ Bf8 36. Kb1 Re2 0-1

[Event "London Classic Open 2017"]
[Site "London ENG"]
[Date "2017.12.03"]
[Round "2.38"]
[White "Ladron De Guevara Pinto, Paolo"]
[Black "Ethelontis, Alexandros N"]
[Result "1/2-1/2"]
[WhiteTitle "IM"]
[WhiteElo "2422"]
[BlackElo "2154"]
[WhiteFideId "2290847"]
[BlackFideId "405469"]
[EventDate "2017.12.02"]

1. e4 e6 2. d4 d5 3. Nc3 Bb4 4. e5 c5 5. a3 Bxc3+ 6. bxc3 Ne7 7. Qg4 Kf8 8. Bd3
Qa5 9. Bd2 Qa4 10. Ra2 b6 11. Nf3 Ba6 12. O-O Bxd3 13. cxd3 Nbc6 14. Rb1 c4 15.
Ng5 h6 16. Nh3 cxd3 17. Nf4 Qc4 18. Rab2 Rg8 19. Qf3 Ke8 20. Nxd3 Qa4 21. Ra2
Rc8 22. Qe2 Qc4 23. Be1 Na5 24. h3 Nf5 25. a4 Qc6 26. Nf4 Qc4 27. Qb2 Qc6 28.
Nh5 Nc4 29. Qe2 Qd7 30. g4 Ne7 31. f4 Kd8 32. Bg3 Na5 33. Qf3 Rc4 34. Rf1 Qc6
35. Be1 Rxa4 36. Rg2 g6 37. Nf6 Rh8 38. Kh1 Kc8 39. Rgg1 Kb7 40. f5 gxf5 41.
gxf5 Nxf5 42. Qh5 Ra1 43. Qxf7+ Ka6 44. Nd7 Rd8 45. Nf8 Qe8 46. Qxe8 Rxe8 47.
Ng6 Nc6 48. Nf4 Kb5 49. Rf2 Kc4 50. Rb2 b5 1/2-1/2

[Event "London Classic Open 2017"]
[Site "London ENG"]
[Date "2017.12.03"]
[Round "2.39"]
[White "Krishna, C R G"]
[Black "Stanisz, Patryk"]
[Result "1/2-1/2"]
[WhiteTitle "IM"]
[WhiteElo "2421"]
[BlackElo "2150"]
[WhiteFideId "5018625"]
[BlackFideId "1123106"]
[EventDate "2017.12.02"]

1. d4 d5 2. Nf3 Nf6 3. c4 c6 4. e3 Bf5 5. Nc3 e6 6. Nh4 Be4 7. f3 Bg6 8. Qb3 Qb6
9. Nxg6 hxg6 10. Bd2 Nbd7 11. Bd3 Bd6 12. f4 Qxb3 13. axb3 Bb4 14. Ke2 Bxc3 15.
Bxc3 Ne4 16. Bxe4 dxe4 17. d5 cxd5 18. cxd5 f6 19. h3 Nc5 20. b4 Nd3 21. dxe6
Ke7 22. Ra4 Rhc8 23. Kd2 a6 24. Rha1 Rd8 25. Kc2 Rac8 26. Kb3 Kxe6 27. Ra5 Rd7
28. Rf1 Rd5 29. Rfa1 Rcd8 30. Kc2 Rxa5 31. bxa5 Rd5 32. Ra4 Nf2 33. Rb4 Rd7 34.
Rc4 Rd5 35. Rc8 g5 36. Re8+ Kf7 37. Rb8 gxf4 38. Rxb7+ Kg6 39. exf4 Nd1 40. g4
Nxc3 41. bxc3 Rxa5 42. c4 f5 43. Rb3 fxg4 44. hxg4 Ra2+ 45. Kc3 Rf2 46. Rb6+ 1/2-1/2

[Event "London Classic Open 2017"]
[Site "London ENG"]
[Date "2017.12.03"]
[Round "2.40"]
[White "Sumit, Kumar"]
[Black "Raja, Harshit"]
[Result "0-1"]
[BlackTitle "IM"]
[WhiteElo "2176"]
[BlackElo "2420"]
[WhiteFideId "5054010"]
[BlackFideId "5089000"]
[EventDate "2017.12.02"]

1. e4 c5 2. Nf3 d6 3. d4 cxd4 4. Nxd4 Nf6 5. f3 e5 6. Nb3 Be6 7. c4 a5 8. Be3 a4
9. N3d2 Qa5 10. Nc3 Be7 11. Be2 O-O 12. O-O Bd8 13. Kh1 Nbd7 14. Rb1 Bb6 15.
Bxb6 Nxb6 16. Qc2 Qc5 17. b4 axb3 18. axb3 Rfc8 19. Rfd1 h5 20. Bf1 h4 21. Qd3
Nh5 22. b4 Qf2 23. Nd5 Nxd5 24. exd5 Nf4 25. Qb3 Bf5 26. Rb2 h3 27. Ne4 hxg2+
28. Bxg2 Qb6 29. Rg1 Bxe4 30. fxe4 Qd4 31. c5 Nd3 32. Rd2 Ra1 0-1

[Event "London Classic Open 2017"]
[Site "London ENG"]
[Date "2017.12.03"]
[Round "2.41"]
[White "Sundararajan, Kidambi"]
[Black "Marusenko, Petr"]
[Result "1-0"]
[WhiteTitle "GM"]
[BlackTitle "IM"]
[WhiteElo "2419"]
[BlackElo "2145"]
[WhiteFideId "5005370"]
[BlackFideId "14100606"]
[EventDate "2017.12.02"]

1. Nf3 d5 2. b3 c5 3. e3 Nf6 4. Bb2 g6 5. c4 dxc4 6. Bxc4 Bg7 7. O-O O-O 8. d4
cxd4 9. Nxd4 a6 10. a4 Qc7 11. Nc3 Nc6 12. Rc1 Nxd4 13. Qxd4 e5 14. Qh4 Qb6 15.
Ba3 Re8 16. Rfd1 Be6 17. Rd6 Qa7 18. Bxe6 Rxe6 19. Rxe6 fxe6 20. Qc4 Qb6 21. Be7
Re8 22. Bxf6 Bxf6 23. Ne4 Be7 24. a5 Qxa5 25. Qxe6+ Kf8 26. h4 Bxh4 27. Qh3 Qa3
28. Rc7 Be7 29. Qh6+ Kg8 30. Ng5 Qxb3 31. Qxh7+ Kf8 32. Qh8+ Qg8 33. Nh7+ 1-0

[Event "London Classic Open 2017"]
[Site "London ENG"]
[Date "2017.12.03"]
[Round "2.42"]
[White "Caglar, Sila"]
[Black "Arjun, Kalyan"]
[Result "0-1"]
[WhiteTitle "WFM"]
[WhiteElo "2167"]
[BlackElo "2419"]
[WhiteFideId "6364063"]
[BlackFideId "35018701"]
[EventDate "2017.12.02"]

1. e4 e5 2. Nf3 Nc6 3. Bc4 Nf6 4. d3 Bc5 5. O-O O-O 6. Re1 d6 7. c3 a6 8. h3 h6
9. Nbd2 Re8 10. b4 Ba7 11. Qb3 Be6 12. Bxe6 Rxe6 13. Nf1 Nh5 14. a4 Rg6 15. N1h2
Qe7 16. b5 Nd8 17. d4 Ne6 18. bxa6 Rb8 19. Qc4 Nhf4 20. Ng4 Nxg2 21. Kxg2 h5 22.
Kf1 hxg4 23. hxg4 Rxg4 24. dxe5 bxa6 25. Qxa6 Bc5 26. Qd3 Rd8 27. exd6 Rxd6 28.
Qc2 Nf4 29. e5 Rh6 30. Bxf4 Rxf4 31. Rab1 g6 32. Rb8+ Kg7 33. Kg2 Qe6 34. Ng5
Qg4+ 0-1

[Event "London Classic Open 2017"]
[Site "London ENG"]
[Date "2017.12.03"]
[Round "2.43"]
[White "Henderson de La Fuente, Lance"]
[Black "Pedersen, Carsten"]
[Result "1-0"]
[WhiteElo "2419"]
[BlackElo "2144"]
[WhiteFideId "32096585"]
[BlackFideId "1409760"]
[EventDate "2017.12.02"]

1. e4 e6 2. d4 d5 3. Nc3 dxe4 4. Nxe4 Nd7 5. Nf3 Ngf6 6. Nxf6+ Nxf6 7. c3 c5 8.
Ne5 a6 9. Be3 cxd4 10. Bxd4 Qc7 11. Nc4 Bc5 12. Bxc5 Qxc5 13. Qd6 Qxd6 14. Nxd6+
Ke7 15. Nxc8+ Raxc8 16. g3 Rhd8 17. Bg2 Rc7 18. Ke2 Rcd7 19. Rhd1 b6 20. Rxd7+
Rxd7 21. a4 a5 22. Ra3 Rc7 23. h3 g5 24. Ra1 Nd7 25. Be4 h6 26. Bd3 Ne5 27. Ba6
f5 28. Ra3 f4 29. gxf4 gxf4 30. Rb3 Rc6 31. Bb7 Rd6 32. Rb5 Kf6 33. Be4 Nc4 34.
b3 Ne5 35. h4 Nd7 36. b4 axb4 37. cxb4 Ne5 38. a5 bxa5 39. bxa5 Rd4 40. Bc2 Nc4
41. Bb3 f3+ 42. Kxf3 Nd2+ 43. Ke3 Nxb3 44. Rxb3 Ra4 45. Rb5 Rxh4 46. f4 Rh1 47.
Kd4 Ra1 48. Kc5 Kf5 49. Kb6+ Kxf4 50. a6 Rxa6+ 51. Kxa6 Kg4 52. Rb8 h5 53. Rg8+
Kf3 54. Rh8 Kg4 55. Kb5 h4 56. Kc4 Kg3 57. Rg8+ Kf2 58. Rh8 Kg3 59. Kd3 h3 60.
Ke3 Kg2 61. Ke2 h2 62. Rg8+ Kh3 63. Kf2 h1=N+ 64. Kf3 Kh2 65. Rg2+ Kh3 66. Rg6
Kh2 67. Rxe6 Kg1 68. Re2 Kf1 69. Rh2 Kg1 70. Ra2 1-0